Gestión del conocimiento en una oficina de extensión agropecuaria del sudoeste bonaerense (Registro nro. 17835)

Detalles MARC
000 -LEADER
fixed length control field 00505 a2200145 4500
001 - CONTROL NUMBER
control field ART_46021
005 - DATE AND TIME OF LATEST TRANSACTION
control field 20260410161731.0
008 - FIXED-LENGTH DATA ELEMENTS--GENERAL INFORMATION
fixed length control field 260409a
100 1# - MAIN ENTRY--PERSONAL NAME
Personal name Fernández Nunes, Neubher
245 10 - TITLE STATEMENT
Title Gestión del conocimiento en una oficina de extensión agropecuaria del sudoeste bonaerense
700 1# - ADDED ENTRY--PERSONAL NAME
Personal name Chavez, Etelvina
700 1# - ADDED ENTRY--PERSONAL NAME
Personal name Palmiteste, Ariel
700 1# - ADDED ENTRY--PERSONAL NAME
Personal name Oria, Leandro
773 0# - HOST ITEM ENTRY
Title Escritos contables y de administración
Related parts - Vol. 6, Nº 2 (jul./dic. 2015)
Record control number REV2758

No hay ítems disponibles.